000 00958nam a22002537a 4500
005 00000000000000.0
008 821020c xx a ||| |||| 00| 0 eng
010 _asa 65001329
022 _a0019-4506
040 _aDLC
_cCarP
_dDLC
050 _aTP1
_b.I4514
082 _a660
245 _aIndian chemical engineer.
260 _aCalcutta.
_c2008-
_bIndian Institute of Chemical Engineer
300 _av.
_billus.
_c24 cm.
310 _aQuarterly
590 _aPREMARC/SERLOC merged record
650 _aChemical engineering
_xPeriodical. [from old catalog]
710 _aIndian Institute of Chemical Engineers. [from old catalog]
270 _aPost Box No. 17001
_bKolkata
_e700032
_k033-24146670, 24129314
_l033-24146670
_miicheme@dataone.in
906 _bcbc
_cpremunv
_du
_encip
_f19
_gy-gencatlg
942 _2ddc
_cSR
_h660
_mIND
_s1
999 _c22749
_d22749